|
|
|
|
| LEADER |
00568nam a22001691a 4500 |
| 020 |
|
|
|a 9788170173656
|
| 082 |
|
|
|a 759.04
|b SOM/M
|
| 100 |
|
|
|a Som Prakash Verma
|
| 245 |
|
|
|a Mughal painter of flora and fauna Ustad Mansur/
|c by Som Prakash Verma
|
| 260 |
|
|
|a New Delhi:
|b Abhinav,
|c 1999.
|
| 300 |
|
|
|a 164p.
|
| 650 |
|
|
|a Painting, Mughal Empire
|
| 650 |
|
|
|a Painting
|
| 650 |
|
|
|a Arts
|
| 942 |
|
|
|c REF
|
| 999 |
|
|
|c 29600
|d 29600
|
| 952 |
|
|
|0 0
|1 0
|4 0
|6 759_040000000000000_SOM_M
|7 0
|9 42573
|a SSUS
|b SSUS
|c STACKS
|d 2015-01-08
|g 1500.00
|o 759.04 SOM/M
|p 026484
|r 2015-01-08
|v 0.00
|w 2015-01-08
|y BK
|